000 00508nam a2200205Ia 4500
005 20240823030946.0
008 240823s9999||||xx |||||||||||||| ||und||
020 _a978-81-315-1460-3
041 _aENGLISH
082 _A621.3 Q1
100 _aShanmugasundaram S
245 0 _aBasic Civil and Mechanical Engineering
250 _a1st
260 _c2011
_bCengage Learning
_aNew Delhi
500 _aYES
650 _aMechanical
_bMechanical
700 _a Mylsamy K
942 _cBK
999 _c189935
_d189935